A Study on reasons why music the 70's and 80's is making a "comeback in the 90's. / (Record no. 96231)
[ view plain ]
| 000 -LEADER | |
|---|---|
| fixed length control field | 00349nam a2200109 a 4500 |
| 005 - DATE AND TIME OF LATEST TRANSACTION | |
| control field | 20140408090018.0 |
| 008 - FIXED-LENGTH DATA ELEMENTS--GENERAL INFORMATION | |
| fixed length control field | 021118s19uu xx 00 eng d |
| 050 ## - LIBRARY OF CONGRESS CALL NUMBER | |
| Classification number | PHS '99 |
| Item number | Z1 #48 |
| 100 ## - MAIN ENTRY--PERSONAL NAME | |
| Personal name | Zaragoza, Jose Paolo |
| 245 ## - TITLE STATEMENT | |
| Title | A Study on reasons why music the 70's and 80's is making a "comeback in the 90's. / |
| Statement of responsibility, etc | Jose Paolo Zaragoza. |
| 942 ## - ADDED ENTRY ELEMENTS (KOHA) | |
| Koha item type | PASS |
| Withdrawn status | Lost status | Damaged status | Home library | Current library | Shelving location | Date acquired | Source of acquisition | Total Checkouts | Full call number | Barcode | Date last seen | Price effective from | Koha item type |
|---|---|---|---|---|---|---|---|---|---|---|---|---|---|
| Luxembourg Library | Luxembourg Library | Portfolio Assessment of SISC Students Section | 11/18/2002 | PHS '99 Z1 #48 | P0159 | 04/08/2014 | 04/08/2014 | PASS |